000 00621cab a2200253 4500
001 WB3534-27
008 090401t1999 xxu||||| |||| 00| 0 eng d
035 _a(Sirsi) u129
041 _aeng
245 _aSports work set to boom
260 _c1999
350 _a0
490 _aBuilding Design
_v(1407) 27 August 1999, 21(1)
650 _aBUILDING CENTRE
650 _aCONSTRUCTION MARKET
650 _aFITNESS CENTRES
650 _aGLENIGAN
650 _aLEISURE DEVELOPMENT
650 _aLEISURE SECTOR
650 _aSPORTS CENTRES
690 _aLEISURE AND RECREATION
942 _n0
948 _c02/09/1999
999 _c48
_d48